[Event "EU-ch U16"]
[Site "Bratislava"]
[Date "2019.08.10"]
[Round "9"]
[White "Akulov, Lev"]
[Black "Jirousek, Jan"]
[Result "1/2-1/2"]
[WhiteElo "2068"]
[BlackElo "1996"]
[PlyCount "90"]
[EventDate "2019.08.02"]
[EventType "swiss"]
[EventRounds "9"]
[EventCountry "SVK"]
[SourceTitle "CBM 191 Extra"]
[Source "ChessBase"]
[SourceDate "2019.09.30"]
[SourceVersion "1"]
[SourceVersionDate "2019.09.30"]
[SourceQuality "1"]

1. e4 c6 2. d4 d5 3. exd5 cxd5 4. Bf4 Nf6 5. c3 Nc6 6. Bd3 g6 7. h3 Bg7 8. Nd2 Bf5 9. Bxf5 gxf5 10. Qb3 Qd7 11. Ndf3 Ne4 12. Ne5 Nxe5 13. dxe5 e6 14. Rd1 Rc8 15. Nf3 0-0 16. 0-0 Qc7 17. Bh2 Kh8 18. Rfe1 Rg8 19. Re2 Bh6 20. Rd4 Ng5 21. Nxg5 Bxg5 22. Kh1 Rg6 23. f4 Be7 24. Rc2 a6 25. a4 Bc5 26. Rd3 Ba7 27. Rcd2 Rcg8 28. g3 Qc6 29. Rg2 Rh6 30. h4 d4 31. cxd4 Qe4 32. Qd1 Rxh4 33. Qe2 Qxe2 34. Rxe2 Rhg4 35. Kg2 Rxf4 36. d5 exd5 37. Rxd5 Rxa4 38. Rd7 Rb4 39. Rxf7 Re4 40. Rxe4 fxe4 41. Rxb7 Bd4 42. e6 Re8 43. Rb4 Bf6 44. Rxe4 Bxb2 45. Bg1 Kg7 1/2-1/2

[Event "EU-ch U16"]
[Site "Bratislava"]
[Date "2019.08.04"]
[Round "3"]
[White "Akulov, Lev"]
[Black "Alonso Garcia, Aaron"]
[Result "0-1"]
[WhiteElo "2068"]
[BlackElo "2291"]
[PlyCount "144"]
[EventDate "2019.08.02"]
[EventType "swiss"]
[EventRounds "9"]
[EventCountry "SVK"]
[SourceTitle "CBM 191 Extra"]
[Source "ChessBase"]
[SourceDate "2019.09.30"]
[SourceVersion "1"]
[SourceVersionDate "2019.09.30"]
[SourceQuality "1"]

1. e4 g6 2. d4 Bg7 3. Bc4 d6 4. Nf3 Nf6 5. Qe2 0-0 6. 0-0 Bg4 7. h3 Bxf3 8. Qxf3 Nc6 9. c3 e5 10. Rd1 Qe8 11. d5 Ne7 12. a4 Nd7 13. Nd2 f5 14. Qe2 Nf6 15. Bd3 f4 16. b4 g5 17. g4 fxg3 18. fxg3 g4 19. h4 Qd7 20. Qg2 Nh5 21. Nf1 Rf3 22. c4 Raf8 23. Ra2 Ng6 24. Be2 R8f7 25. b5 Bf8 26. Ra3 Rxa3 27. Bxa3 Bh6 28. Bc1 Bxc1 29. Rxc1 Ng7 30. Ne3 h5 31. Rf1 Nf8 32. Rxf7 Qxf7 33. Qf2 Qg6 34. Bd3 Nd7 35. Bc2 Nc5 36. Nd1 Ne8 37. Nc3 Qh6 38. Qe1 Nf6 39. Kf2 Nfd7 40. Kg2 Nb6 41. Qe2 Qc1 42. Na2 Qb2 43. Qd2 Kf7 44. Nb4 Ncd7 45. Qf2+ Nf6 46. Nd3 Qc3 47. c5 Nc4 48. cxd6 cxd6 49. Ne1 Kg7 50. Bd3 Nb2 51. Bc2 b6 52. Qe2 Nc4 53. Bd3 Nd2 54. Nc2 Nf3 55. Kf2 Nd7 56. Ne3 Nc5 57. Nf5+ Kf6 58. Bc2 Qa1 59. Bd1 Nxe4+ 60. Qxe4 Qxd1 61. Nxd6 Qg1+ 62. Ke2 Qe1+ 63. Kd3 Qd1+ 64. Kc3 Qc1+ 65. Kd3 Qa3+ 66. Ke2 Qxd6 67. Qh7 Qxd5 68. Qh8+ Ke7 69. Qh7+ Kd6 70. Qh6+ Kc5 71. Qf8+ Kd4 72. Qa3 Qc4+ 0-1

[Event "EU-ch U16"]
[Site "Bratislava"]
[Date "2019.08.02"]
[Round "1"]
[White "Boyer, Mahel"]
[Black "Akulov, Lev"]
[Result "1/2-1/2"]
[WhiteElo "2341"]
[BlackElo "2068"]
[PlyCount "91"]
[EventDate "2019.08.02"]
[EventType "swiss"]
[EventRounds "9"]
[EventCountry "SVK"]
[SourceTitle "CBM 191 Extra"]
[Source "ChessBase"]
[SourceDate "2019.09.30"]
[SourceVersion "1"]
[SourceVersionDate "2019.09.30"]
[SourceQuality "1"]

1. e4 c5 2. d3 e6 3. g3 b6 4. Bg2 Bb7 5. f4 g6 6. Nf3 Bg7 7. 0-0 Ne7 8. c3 0-0 9. Re1 d5 10. e5 Nbc6 11. Na3 a6 12. Nc2 Qc7 13. Be3 b5 14. Kh1 c4 15. d4 Rfb8 16. g4 Bc8 17. Qd2 Na5 18. Bf2 Nec6 19. Bh3 Bf8 20. Bh4 b4 21. Bf6 bxc3 22. bxc3 Rb2 23. Qf2 Nb8 24. Re2 Nac6 25. f5 h6 26. Rf1 Ra7 27. Nh4 g5 28. Nf3 Nd7 29. Bxg5 hxg5 30. fxe6 Ndxe5 31. Nxe5 Bxe6 32. Bg2 Bg7 33. Nxc4 dxc4 34. d5 Nd8 35. dxe6 Nxe6 36. Qf5 Qd8 37. Rxe6 fxe6 38. Qxe6+ Kh8 39. Rf3 Rb1+ 40. Ne1 Bxc3 41. Rxc3 Kg7 42. Rf3 Qe7 43. Qxc4 Rxe1+ 44. Bf1 Qe4 45. Qc3+ Qe5 46. Qxe5+ 1/2-1/2

[Event "EU-ch U16 28th"]
[Site "Riga"]
[Date "2018.08.23"]
[Round "4"]
[White "Akulov, Lev"]
[Black "Melaugh, Gavin"]
[Result "1-0"]
[WhiteElo "1882"]
[BlackElo "2029"]
[PlyCount "95"]
[EventDate "2018.08.20"]
[EventType "swiss"]
[EventRounds "9"]
[EventCountry "LAT"]
[SourceTitle "CBM 186 Extra"]
[Source "ChessBase"]
[SourceDate "2018.08.24"]
[SourceVersion "1"]
[SourceVersionDate "2018.08.24"]
[SourceQuality "1"]

1. e4 c5 2. Nf3 Nc6 3. d4 cxd4 4. Nxd4 Nf6 5. Nc3 e5 6. Ndb5 d6 7. Nd5 Nxd5 8. exd5 Ne7 9. c4 Nf5 10. Be2 a6 11. Nc3 g6 12. 0-0 Bg7 13. a3 0-0 14. Rb1 Qc7 15. Kh1 h5 16. Bd2 Nd4 17. Bd3 h4 18. Ne2 Nf5 19. Qc2 Ne7 20. f3 Bd7 21. Rfc1 h3 22. g3 Rac8 23. Qd1 f5 24. Ng1 b5 25. cxb5 Qb7 26. bxa6 Qxd5 27. Bg5 Bf6 28. Bxf6 Rxc1 29. Rxc1 Qf7 30. Bxe7 Qxe7 31. Rc7 e4 32. Bb5 Rd8 33. Rxd7 Rxd7 34. Bxd7 Qxd7 35. fxe4 Qa7 36. Nxh3 Qxa6 37. exf5 Qc6+ 38. Kg1 gxf5 39. Qb3+ Kf8 40. Qc3 Qb6+ 41. Nf2 Ke7 42. h4 Qb5 43. h5 f4 44. h6 fxg3 45. Qxg3 Qxb2 46. Qg7+ Qxg7+ 47. hxg7 Kf7 48. a4 1-0

[Event "EU-ch U16 28th"]
[Site "Riga"]
[Date "2018.08.21"]
[Round "2"]
[White "Huynh, Laurent"]
[Black "Akulov, Lev"]
[Result "1/2-1/2"]
[WhiteElo "2071"]
[BlackElo "1882"]
[PlyCount "34"]
[EventDate "2018.08.20"]
[EventType "swiss"]
[EventRounds "9"]
[EventCountry "LAT"]
[SourceTitle "CBM 186 Extra"]
[Source "ChessBase"]
[SourceDate "2018.08.24"]
[SourceVersion "1"]
[SourceVersionDate "2018.08.24"]
[SourceQuality "1"]

1. d4 Nf6 2. Nf3 g6 3. Nbd2 d5 4. e3 Bg7 5. b4 0-0 6. Bb2 Nbd7 7. Be2 c6 8. 0-0 Qc7 9. c4 Re8 10. Qb3 Nb6 11. a4 dxc4 12. Nxc4 Be6 13. a5 Bxc4 14. Bxc4 Nxc4 15. Qxc4 a6 16. Ne5 e6 17. Rfe1 Red8 1/2-1/2

[Event "BEL-ch op"]
[Site "Niel"]
[Date "2017.07.01"]
[Round "1"]
[White "Bosmans, Mark"]
[Black "Akulov, Lev"]
[Result "0-1"]
[WhiteElo "1539"]
[BlackElo "1719"]
[PlyCount "114"]
[EventDate "2017.07.01"]
[EventType "swiss"]
[EventRounds "9"]
[EventCountry "BEL"]
[SourceTitle "EXT 2018"]
[Source "ChessBase"]
[SourceDate "2017.10.13"]
[SourceVersion "1"]
[SourceVersionDate "2017.10.13"]
[SourceQuality "1"]

1. e4 c5 2. Nf3 e6 3. d4 cxd4 4. Nxd4 Nf6 5. Nc3 d6 6. Be2 Be7 7. 0-0 0-0 8. Be3 a6 9. a4 Nc6 10. f4 Qc7 11. Nb3 b6 12. Bf3 Bb7 13. Qe2 Rad8 14. Qf2 Nd7 15. Rfd1 Bf6 16. Nd4 Nc5 17. Nxc6 Bxc6 18. Bxc5 bxc5 19. Qe1 Bd4+ 20. Kh1 Rb8 21. Ra2 Rfd8 22. b3 Qb7 23. Nb1 g6 24. Nd2 d5 25. e5 Bc3 26. Qe2 Bxd2 27. Rxd2 c4 28. h3 cxb3 29. cxb3 a5 30. Rab2 Qb4 31. Rdc2 Rb6 32. Qd2 Qxd2 33. Rxd2 Rdb8 34. Rbc2 Be8 35. Rc5 Rxb3 36. Rxa5 R3b4 37. Ra2 Rxf4 38. Ra7 Rfb4 39. a5 Bb5 40. a6 Bc4 41. Ra3 R4b6 42. Kg1 Kg7 43. Kf2 Kf8 44. Ke3 Rb3+ 45. Rxb3 Rxb3+ 46. Kd4 Ra3 47. Ra8+ Ke7 48. a7 Ra5 49. Ke3 Ra6 50. Kd4 h5 51. Kc5 Bf1 52. h4 Bc4 53. g3 Bd3 54. Bd1 Bf1 55. Ba4 Rxa4 56. Kc6 d4 57. Kb7 Bg2+ 0-1

[Event "BEL-ch U14"]
[Site "Blankenberge"]
[Date "2017.04.13"]
[Round "7"]
[White "Huynh, Laurent"]
[Black "Akulov, Lev"]
[Result "1-0"]
[WhiteElo "2058"]
[BlackElo "1764"]
[PlyCount "81"]
[EventDate "2017.04.09"]
[EventType "swiss"]
[EventRounds "9"]
[EventCountry "BEL"]
[SourceTitle "CBM 178 Extra"]
[Source "ChessBase"]
[SourceDate "2017.06.22"]
[SourceVersion "1"]
[SourceVersionDate "2017.06.22"]
[SourceQuality "1"]

1. d4 Nf6 2. e3 g6 3. Bd3 d5 4. f4 c5 5. c3 Nbd7 6. Nd2 Bg7 7. Ngf3 0-0 8. 0-0 Qc7 9. Ne5 a6 10. h3 b5 11. g4 c4 12. Bc2 Bb7 13. Qf3 Ne8 14. Nxd7 Qxd7 15. e4 dxe4 16. Bxe4 Nd6 17. Bxb7 Qxb7 18. Qxb7 Nxb7 19. Ne4 Rfd8 20. f5 Nd6 21. Nc5 b4 22. Bg5 bxc3 23. bxc3 Ra7 24. Rae1 Kf8 25. fxg6 Bf6 26. Rxf6 exf6 27. Bxf6 hxg6 28. Bxd8 Nb5 29. Ba5 Kg7 30. a4 Nd6 31. Kf2 Kh6 32. d5 Kg5 33. Ne4+ Nxe4+ 34. Rxe4 Rd7 35. Rd4 Kh4 36. d6 Kxh3 37. g5 f6 38. gxf6 g5 39. Rd5 Kh4 40. Kg2 Kh5 41. f7 1-0

[Event "BEL-ch U14"]
[Site "Blankenberge"]
[Date "2017.04.09"]
[Round "1"]
[White "Siberdt, Nathan"]
[Black "Akulov, Lev"]
[Result "0-1"]
[WhiteElo "1282"]
[BlackElo "1764"]
[PlyCount "62"]
[EventDate "2017.04.09"]
[EventType "swiss"]
[EventRounds "9"]
[EventCountry "BEL"]
[SourceTitle "CBM 178 Extra"]
[Source "ChessBase"]
[SourceDate "2017.06.22"]
[SourceVersion "1"]
[SourceVersionDate "2017.06.22"]
[SourceQuality "1"]

1. e4 c5 2. Nf3 e6 3. Nc3 d6 4. Bc4 Nf6 5. d3 Be7 6. Be3 a6 7. a3 b5 8. e5 dxe5 9. Nxe5 Nbd7 10. f4 Bb7 11. Ba2 0-0 12. 0-0 Qc7 13. Ng4 Nxg4 14. Qxg4 Nf6 15. Qh3 Bd6 16. Rae1 Rad8 17. g3 Qc6 18. Bd2 c4 19. Re3 Bc5 20. Rd1 Bxe3+ 21. Bxe3 Qh1+ 22. Kf2 Qf3+ 23. Ke1 Qxe3+ 24. Ne2 cxd3 25. cxd3 Bf3 26. Qf1 Rxd3 27. Bb1 Rxd1+ 28. Kxd1 Rd8+ 29. Ke1 Bxe2 30. Qxe2 Qc1+ 31. Kf2 Rd2 0-1

[Event "Wch U14"]
[Site "Khanty-Mansiysk"]
[Date "2016.09.28"]
[Round "6"]
[White "Akulov, Lev"]
[Black "Ivic, Velimir"]
[Result "1/2-1/2"]
[WhiteElo "1810"]
[BlackElo "2264"]
[PlyCount "112"]
[EventDate "2016.09.22"]
[EventType "swiss"]
[EventRounds "11"]
[EventCountry "RUS"]
[SourceTitle "EXT 2017"]
[Source "ChessBase"]
[SourceDate "2016.10.25"]
[SourceVersion "1"]
[SourceVersionDate "2016.10.25"]
[SourceQuality "1"]

1. e4 c5 2. Nf3 Nc6 3. d4 cxd4 4. Nxd4 Nf6 5. Nc3 d6 6. f3 e5 7. Nde2 Be6 8. Be3 d5 9. exd5 Nxd5 10. Nxd5 Bxd5 11. a3 Be7 12. Nc3 Be6 13. Qxd8+ Rxd8 14. Nb5 0-0 15. Nxa7 Nxa7 16. Bxa7 Bf5 17. Bb6 Bxc2 18. Bxd8 Rxd8 19. Rc1 Ba4 20. h4 e4 21. Rc4 Bc6 22. Be2 e3 23. Rc3 Bf6 24. Rxe3 Bxb2 25. Rb3 Bf6 26. Bb5 Rc8 27. Bxc6 bxc6 28. Kf2 c5 29. Rhb1 Be5 30. Rb5 f6 31. Ke3 Re8 32. Kd3 Rd8+ 33. Kc4 Rd2 34. Rxc5 Rxg2 35. a4 h5 36. a5 Ra2 37. Kb3 Rf2 38. a6 Rxf3+ 39. Ka4 Rf2 40. Rxe5 fxe5 41. Kb5 Ra2 42. Kb6 Kh7 43. a7 g5 44. Rb5 Rxa7 45. Kxa7 gxh4 46. Rxe5 Kg6 47. Kb6 h3 48. Re3 Kg5 49. Rxh3 Kg4 50. Rh1 h4 51. Kc5 h3 52. Kd4 Kg3 53. Ke3 Kg2 54. Ra1 h2 55. Ra2+ Kg3 56. Rxh2 Kxh2 1/2-1/2

[Event "Wch U14"]
[Site "Khanty-Mansiysk"]
[Date "2016.09.25"]
[Round "4"]
[White "Akulov, Lev"]
[Black "Horn, Aldo"]
[Result "1-0"]
[WhiteElo "1810"]
[BlackElo "1307"]
[PlyCount "85"]
[EventDate "2016.09.22"]
[EventType "swiss"]
[EventRounds "11"]
[EventCountry "RUS"]
[SourceTitle "EXT 2017"]
[Source "ChessBase"]
[SourceDate "2016.10.25"]
[SourceVersion "1"]
[SourceVersionDate "2016.10.25"]
[SourceQuality "1"]

1. e4 e5 2. Nf3 Nc6 3. Nc3 Bc5 4. Nxe5 Bxf2+ 5. Kxf2 Nxe5 6. d4 Ng6 7. Be2 N8e7 8. Rf1 0-0 9. Kg1 d6 10. Bc4 Be6 11. Bxe6 fxe6 12. Rxf8+ Qxf8 13. Qg4 Qc8 14. Be3 c6 15. Rf1 e5 16. Qxc8+ Rxc8 17. Rd1 exd4 18. Rxd4 Rd8 19. Ra4 a6 20. Rd4 c5 21. Rd1 Kf7 22. Bxc5 Nc8 23. Bd4 Nge7 24. Nd5 g6 25. Rf1+ Ke6 26. Rf6+ Kd7 27. Nxe7 Kxe7 28. Rf3 d5 29. Bf6+ Kd7 30. Bxd8 Kxd8 31. exd5 Ke7 32. Kf2 Nb6 33. Rb3 Nxd5 34. Rxb7+ Kf6 35. g3 h5 36. c4 Ne7 37. Rxe7 Kxe7 38. b4 Ke6 39. b5 axb5 40. cxb5 Kd6 41. Kf3 Kc5 42. a4 Kb6 43. Kf4 1-0

[Event "Wch U14"]
[Site "Khanty-Mansiysk"]
[Date "2016.09.22"]
[Round "1"]
[White "Zhalmakhanov, Ramazan"]
[Black "Akulov, Lev"]
[Result "1-0"]
[WhiteElo "2211"]
[BlackElo "1810"]
[PlyCount "55"]
[EventDate "2016.09.22"]
[EventType "swiss"]
[EventRounds "11"]
[EventCountry "RUS"]
[SourceTitle "EXT 2017"]
[Source "ChessBase"]
[SourceDate "2016.10.25"]
[SourceVersion "1"]
[SourceVersionDate "2016.10.25"]
[SourceQuality "1"]

1. e4 c5 2. Nf3 d6 3. d4 cxd4 4. Nxd4 Nf6 5. Nc3 a6 6. Bc4 e6 7. 0-0 Nc6 8. Be3 Be7 9. f4 Qc7 10. Bb3 0-0 11. f5 Nxd4 12. Qxd4 b5 13. fxe6 fxe6 14. Nd5 Nxd5 15. exd5 e5 16. Qxe5 Bf6 17. Qf4 Bb7 18. Bd4 Rae8 19. Rae1 Bxd4+ 20. Qxd4 Rxf1+ 21. Rxf1 Qe7 22. a4 Qe3+ 23. Qxe3 Rxe3 24. axb5 axb5 25. Ra1 Re5 26. Ra5 b4 27. Rb5 Bc6 28. dxc6+ 1-0